000 00251nam a2200097Ia 4500
001 1215184
005 20250827024546.0
008 250824s9999 xx 000 0 und d
245 0 _aKONYA AĞZI VE SÖZ DAĞARCIĞI
_cALİ IŞIK
260 _bKÜLTÜR A.Ş
999 _c1215184
_d1215184